000
00237nam a2200109Ia 4500
005
20251222152005.0
008
251222s9999||||xx |||||||||||||| ||spa||
082
_a
658.56/I49A
245
0
_a
Algarroba
264
_b
Encuentro
942
_c
LIB
999
_c
24695
_d
24695